00355nam a2200145Ia 4500008004100000020001500041041001200056082001600068100001700084245005100101250000800152260002500160300000800185650001600193221030s9999 xx 000 0 und d a0074604007 aEnglish a105.23bBar aT. C. Bartee 0aDigital Computer fundamentalscby T. C. Bartee a6th bTMHaNew Delhic1999 a610 aBE Computer